000 01377nab a22002537a 4500
999 _c6511
_d6511
003 OSt
005 20260215214112.0
008 190506c xxu||||| |||| 00| 0 spa d
040 _cPJ
100 _97120
_aUnzaga Domínguez, Guillermo
245 1 3 _aEl período de prueba y las prestaciones por accidentes y enfermedades inculpables /
_cGuillermo Unzaga Domínguez.
260 _aBuenos Aires :
_bAbeledoPerrot,
_c2024.
300 _ap. 3-12
500 _aCita: TR LALEY AR/DOC/2958/23.
505 _aSumario: I. Introducción.— II. El trabajador tiene derecho, durante el período de prueba, a las prestaciones por accidente o enfermedad del trabajo.— III. El trabajador tiene derecho, durante el período de prueba, a las prestaciones (...).— IV. El trabajador tiene derecho, durante el período de prueba, a las prestaciones (...).— V. El despido discriminatorio por motivos de salud.— VI. Corolario.
505 _t¿Te interesa el texto completo? Comunicate al correo: koha@justierradelfuego.gov.ar
650 0 _91316
_aDERECHO LABORAL
650 0 _91323
_aCONTRATO DE TRABAJO
650 0 _91803
_aRELACIONES LABORALES
650 0 _94428
_aRELACIÓN DE DEPENDENCIA
650 0 _96786
_aPERIODO DE PRUEBA
773 0 _02751
_93202
_dBuenos Aires : AbeledoPerrot, 2013-
_tRevista de derecho laboral y seguridad social. Nº 2 - Enero 2024
942 _2udc
_cANA